| 000 | 00880nam a2200217Ia 4500 | ||
|---|---|---|---|
| 008 | 130821s1980 ck gr 1 p spa d | ||
| 040 |
_aCo-BoUCM _bspa _cJavier Garzón (modificó) _d[Nuevo] |
||
| 041 | 0 | 0 | _aspa |
| 100 | 1 |
_aRivero, Mario _d1935-2009 _949420 |
|
| 245 | 1 | 0 |
_aBaladas _cMario Rivero |
| 260 |
_aBogotá (Colombia) _bUniversidad Externado de Colombia _c1980 |
||
| 300 | _a178 páginas | ||
| 490 | 0 | _aColección autores nacionales | |
| 500 | _aIncluye índice | ||
| 650 | 1 | 7 |
_aPoesía colombiana _ySiglo XX _vColección de escritos _948996 |
| 650 | 2 | 7 |
_aLiteratura latinoamericana _ySiglo XX _vColección de escritos _948935 |
| 690 |
_aLiteratura colombiana _918629 |
||
| 710 | 1 |
_aUniversidad Externado de Colombia _bFacultad de Comunicación Social - Periodismo _949022 |
|
| 942 |
_cLIBRO _a18 _e1 _kC _mR621b _2DEWEY _h861.44 _n0 |
||
| 999 |
_c74522 _d74522 |
||